Prueba de Catalunya - Estadísticas

Estadísticas generales
  • Esta prueba ha sido intentada 176 veces
    173 desde el último reinicio
  • La puntuación promedio es 14 de 16
Estadísticas de respuestas
Pista Respuesta % Correcto
Capital de Catalunya Barcelona
99%
Idiomas Oficiales Catalán
99%
Moneda usada Euro
99%
Las provincias de Catalunya (sin contar Barcelona) Girona
99%
Las provincias de Catalunya (sin contar Barcelona) Lleida
99%
Las provincias de Catalunya (sin contar Barcelona) Tarragona
99%
Paises que hacen frontera Francia
98%
Paises que hacen frontera Andorra
96%
Verdura que se come con salsa romesco y solo se cultiva entre Enero y Marzo Calçots
92%
Idiomas Oficiales Español
91%
Presidente de la Generalidad actualmente Salvador Illa
83%
Nombre de la bandera de Catalunya Señera
83%
Fiesta tradicional que se celebra el dia 31 de Octubre La Castañada
79%
Ciudad done nació Salvador Dalí Figueres
74%
CIudad donde nació Xavi Hernández Creus Terrassa
64%
Ciudad con más gente homosexual Sitges
59%
No se encontraron pruebas coincidentes
Distribución de puntuación
Porcentaje de gente con cada puntuación
Porcentaje por número respondido
Historial de tus puntuaciones
No has intentado esta prueba desde el último reinicio